LIBRARY ONLINE CATALOGUE

Semiconductor detector systems / (Record no. 7346)

MARC details
000 -LEADER
fixed length control field 00570nam a22001932 4500
001 - CONTROL NUMBER
control field 0000007023
005 - DATE AND TIME OF LATEST TRANSACTION
control field 20151217152020.0
008 - FIXED-LENGTH DATA ELEMENTS--GENERAL INFORMATION
fixed length control field 071108s xx 000 0 eng d
020 ## - INTERNATIONAL STANDARD BOOK NUMBER
International Standard Book Number 0198527845 :
Terms of availability KES 9240
040 ## - CATALOGING SOURCE
Original cataloging agency KABU
Transcribing agency KABU
100 1# - MAIN ENTRY--PERSONAL NAME
Personal name Spieler, Helmuth.
-- 0000158044
245 10 - TITLE STATEMENT
Title Semiconductor detector systems /
Statement of responsibility, etc. Helmuth Spieler.
260 ## - PUBLICATION, DISTRIBUTION, ETC. (IMPRINT)
Place of publication, distribution, etc. Oxford :
Name of publisher, distributor, etc. O. U. P.,
Date of publication, distribution, etc. 2005.
300 ## - PHYSICAL DESCRIPTION
Extent xvi, 489 p.
650 #0 - SUBJECT ADDED ENTRY--TOPICAL TERM
Topical term or geographic name as entry element Semiconductor nuclear counters.
-- 0000158045
908 ## - PUT COMMAND PARAMETER (RLIN)
Put command parameter 071108
950 ## - LOCAL HOLDINGS (RLIN)
-- 1
Holdings
Withdrawn status Lost status Source of classification or shelving scheme Not for loan Home library Current library Date acquired Total Checkouts Full call number Barcode Date last seen Price effective from Koha item type
    Library of Congress Classification   Kabarak, Main Campus Kabarak, Main Campus 17/12/2015   TK9180 .S65 010949 17/12/2015 17/12/2015 General Collection